000
00266nam a2200085Ia 4500
008
220204s9999 xx 000 0 und d
245
0
_a
Indian Railway Standard Specification for vaccum brake fittings
260
_a
Lucknow
_b
Research Design Std. organization
942
_c
BK
999
_c
24082
_d
24082